000 01332nam a2200289Ia 4500
003 OSt
005 20221005111919.0
006 a|||||r|||| 00| 0
007 ta
008 221004b |||||||| |||| 00| 0 san d
020 _a8186937641 (hbk)
_c825
024 _a88044
037 _b464, 20/03/2008, University Book House
_cTextual
040 _aCRL
_cCRL
_bsan
041 _2san
_asan
082 _aQ2:4x1,1,2, 15P6
100 _aशास्त्री, हरगोविन्द, व्याख्
245 0 _aमनुस्मृतिः
_b श्री कुल्लकूभट्ट प्रणीत
246 _aManusmṛutiah: shrī kullakūbhaṭṭa praṇīta
260 _aवाराणसी
_bचौखम्बा संस्कृत संस्थान भारत
_c2006
300 _a766पण्
_ccm.
490 _aकाशी संस्कृत ग्रन्थमाला; 114
650 _aधर्म
700 _a नेने, गोपालशास्त्री, सम्प
942 _hQ2:4x1,1,2, 15P6
_cTEXL
_2cc
999 _c1023277
_d1023277